LEADER 01677nam 2200421 n 450 001 996390583603316 005 20221108090153.0 035 $a(CKB)1000000000655869 035 $a(EEBO)2240907897 035 $a(UnM)99840103 035 $a(EXLCZ)991000000000655869 100 $a19910130d1542 uy | 101 0 $aeng 135 $aurbn||||a|bb| 200 12$aA treatise of the nobilitie and excellencye of vvoman kynde, translated out of Latine into englysshe by Dauid Clapam$b[electronic resource] 210 $a[Londini $cIn ædibus Thomæ Bertheleti typis impress.]$dAn. M.D.XLII. [1542] 215 $a[104] p 300 $aTranslation of: Declamatio de nobilitate et praecellentia foeminei sexus. 300 $aComposed in compliment to Margaret of Austria. 300 $aPlace of publication and printer's name from colophon. 300 $aSignatures: A-F Gâ´. 300 $aThe last leaf bears a printer's mark. 300 $aRunning title reads: Nobilitie of vvoman kynde. 300 $aReproduction of the original in the Bodleian Library. 330 $aeebo-0014 606 $aWomen$vEarly works to 1800 615 0$aWomen 700 $aAgrippa von Nettesheim$b Heinrich Cornelius$f1486?-1535.$0489574 701 $aClapham$b David$fd. 1551.$01016846 701 $aMargaret$cof Austria, Regent of the Netherlands,$f1480-1530.$01018069 801 0$bCu-RivES 801 1$bCu-RivES 801 2$bCStRLIN 801 2$bWaOLN 906 $aBOOK 912 $a996390583603316 996 $aA treatise of the nobilitie and excellencye of vvoman kynde, translated out of Latine into englysshe by Dauid Clapam$92402807 997 $aUNISA LEADER 02735 am 2200433 n 450 001 9910220064803321 005 20170803 010 $a2-7574-1878-5 024 7 $a10.4000/books.septentrion.14970 035 $a(CKB)4100000000588742 035 $a(FrMaCLE)OB-septentrion-14970 035 $a(oapen)https://directory.doabooks.org/handle/20.500.12854/47864 035 $a(PPN)220897468 035 $a(EXLCZ)994100000000588742 100 $a20171004j|||||||| ||| 0 101 0 $afre 135 $auu||||||m|||| 181 $ctxt$2rdacontent 182 $cc$2rdamedia 183 $acr$2rdacarrier 200 10$aForêts et société au Canada $eRessources durables ou horreur boréale ? /$fÉric Glon 210 $aVilleneuve d'Ascq $cPresses universitaires du Septentrion$d2017 215 $a1 online resource (224 p.) 330 $aAprès avoir considéré les forêts comme une source de matière première quasi inépuisable pendant des décennies, le Canada s'est lancé dans une approche durable au début des années 1990. Ce changement de cap a de quoi surprendre. Voilà que soudainement un des pays phares d'une vision très industrielle des forêts, s'érige en bon élève voire en pionnier d'une politique forestière qui s'inscrit en total contrepoint de ce qui s'y est fait jusqu'alors. Une optique durable qui supplanterait l'horreur boréale en quelque sorte. Rallions-nous à l'évidence. Une telle réorientation ne va pas sans mal tant les intérêts économiques en jeu sont présents. En dépit de cette réalité très prégnante, les autorités fédérales se sont engagées dans toute une série de mesures pour promouvoir le développement durable. En cherchant à comprendre comment cela est possible, nous en arrivons à mettre en évidence le rôle d'un socio système très dense et complexe qui s'est profondément renouvelé depuis plus d'une trentaine d'années. Se déployant du local au global, ces groupes d'acteurs forgent un véritable construit social autour des forêts sans lequel le développement durable serait vraisemblablement impossible. Autrement dit cette nouvelle politique forestière telle qu'elle existe au Canada est d'abord et avant tout reflet de ce que le socio système en fait. 606 $aSustainable forestry$zCanada 606 $aForest policy$zCanada 606 $aForest ecology$zCanada 610 $aforêt 610 $adéveloppement durable 610 $abois 615 0$aSustainable forestry 615 0$aForest policy 615 0$aForest ecology 700 $aGlon$b Éric$0317720 801 0$bFR-FrMaCLE 906 $aBOOK 912 $a9910220064803321 996 $aFore?ts et socie?te? au Canada$92903410 997 $aUNINA